Aixa (Registro nro. 8843)

Detalles MARC
000 -LIDER
fixed length control field 00719nam a22002537a 4500
001 - NÚMERO DE CONTROL
Identificador de número de control 0147
003 - IDENTIFICACDOR DE NÚMERO DE CONTROL
control field DO-SdBNP
005 - DATE AND TIME OF LATEST TRANSACTION
control field 20180226105118.0
007 - CAMPOS FIJOS DE DESCRIPCIÓN FÍSICA
fixed length control field 0147
008 - ELEMENTOS DE LONGITUD FIJA
fixed length control field 151005b2000 xxc 00| 0 spa d
040 ## - FUENTE DE CATALOGACIÓN
Agencia que crea de manera original el registro BPMSU
Idioma de catalogación spa
Agencia que realiza la transcripción BPMSU
092 ## - LOCALLY ASSIGNED DEWEY DECIMAL CALL NUMBER
Número de clasificación XXXX
Número de ítem (Cutter) XXXX
100 1# - ASIENTO PRINCIPAL -- NOMBRE PERSONAL
Nombre personal Bolté, Florence
245 10 - MENCIÓN DE TITULO
Título Aixa
Subtítulo castillos de arena /
Mención de responsabilidad Florence Bolté ; ilustraciones Mentalo ; traducción Traductions elgue simard
260 ## - PUBLICACIÓN, DISTRIBUCIÓN, ETC. (PIE DE IMPRENTA)
Lugar de publicación, distribución, etc Québec, Canada :
Nombre del editor, distribuidor, etc. Pirouli,
Fecha de publicación, distribución, etc 2000.
300 ## - DESCRIPCIÓN FÍSICA
Extensión 49 p. :
Otros detalles físicos il.
Dimensiones 21 cm.
521 1# - TARGET AUDIENCE NOTE
Target audience note A partir de los 12 años
700 1# - ASIENTO SECUNDARIO -- NOMBRE PERSONAL
Nombre personal Mentalo
Mención de responsabilidad il.
710 2# - ASIENTO SECUNDARIO -- NOMBRE CORPORATIVO
Nombre corporativo o de jurisdicción Traductions Elgue Simard
Mención de responsabilidad trad.
910 ## - VALIDACIÓN
Validación 202
942 ## - ADDED ENTRY ELEMENTS (KOHA)
Source of classification or shelving scheme Dewey Decimal Classification
Koha item type Libros
945 ## - INFORMACIÓN DE PROCESAMIENTO LOCAL
Información de procesamiento local inventariado, 2018 / dg
956 ## - LOCAL ELECTRONIC LOCATION AND ACCESS (OCLC)
Nombre de host Yngrid Lockward
Existencias
Withdrawn status Lost status Source of classification or shelving scheme Damaged status Not for loan Home library Current library Date acquired Source of acquisition Total Checkouts Barcode Date last seen Price effective from Koha item type
    Dewey Decimal Classification     Biblioteca Pública Metropolitana Salomé Ureña Biblioteca Pública Metropolitana Salomé Ureña 11/20/2015 Donación   BPMSU15110415 11/20/2015 11/20/2015 Libros